田のつく姓(名字)上位50 - Statistics

General Stats
  • This quiz has been taken 3,905 times
  • The average score is 16 of 50
Answer Stats
姓(名字) % Correct
山田
78%
太田
77%
中田
75%
上田
61%
小田
57%
高田
48%
野田
48%
藤田
45%
森田
45%
西田
45%
石田
43%
吉田
42%
村田
42%
松田
40%
島田
40%
本田
40%
岡田
39%
原田
38%
飯田
37%
和田
35%
多田
35%
神田
35%
坂田
32%
浜田
27%
池田
25%
前田
25%
岩田
25%
福田
23%
武田
23%
長田
23%
宮田
22%
黒田
21%
永田
20%
内田
19%
沢田
19%
竹田
19%
安田
18%
久保田
17%
富田
17%
平田
16%
横田
16%
植田
16%
柴田
15%
増田
15%
鎌田
15%
豊田
12%
角田
11%
寺田
9%
成田
8%
奥田
7%
No matching quizzes found
Score Distribution
Percent of People with Each Score
Percentile by Number Answered
Your Score History
You have not taken this quiz